[Event "COL-ch U1800"]
[Site "Moniquira"]
[Date "2018.07.19"]
[Round "1"]
[White "Pena Mora, Carlos"]
[Black "Rivera Quintero, Ramon Alberto"]
[Result "1-0"]
[WhiteElo "1484"]
[BlackElo "1787"]
[PlyCount "101"]
[EventDate "2018.07.19"]
[EventType "swiss"]
[EventRounds "7"]
[EventCountry "COL"]
[SourceTitle "CBM 187 Extra"]
[Source "ChessBase"]
[SourceDate "2018.11.04"]
[SourceVersion "1"]
[SourceVersionDate "2018.11.04"]
[SourceQuality "1"]

1. Nf3 d6 2. c4 Nf6 3. Nc3 g6 4. g3 Bg7 5. Bg2 0-0 6. d3 e5 7. h3 c5 8. 0-0 Nc6 9. Bg5 h6 10. Bd2 Be6 11. a3 Rb8 12. Rb1 Nd4 13. b4 b6 14. Qc1 Kh7 15. e3 Nxf3+ 16. Bxf3 Bxh3 17. Bg2 Qd7 18. b5 Qf5 19. e4 Qh5 20. f3 Bxg2 21. Kxg2 g5 22. Rh1 Qg6 23. Bxg5 Rg8 24. f4 Bf8 25. Qe3 exf4 26. Bxf4 Nh5 27. Rh3 Qg4 28. Nd5 Nxf4+ 29. Nxf4 Re8 30. Rf1 Re5 31. Nd5 Qg5 32. Rxf7+ Kg6 33. Qxg5+ Rxg5 34. Rxa7 Rxd5 35. cxd5 Rg7 36. Rxg7+ Bxg7 37. Kf3 Bc3 38. g4 Bd2 39. Rh2 Bc3 40. Rh5 Bb2 41. a4 Bc3 42. Ke2 Kg7 43. Rf5 Bb4 44. e5 dxe5 45. Rxe5 Kg6 46. Re6+ Kg5 47. Kf3 h5 48. gxh5 Kxh5 49. Rxb6 Kg5 50. Re6 Kf5 51. b6 1-0

[Event "Bogota Region Univ Ascun-A"]
[Site "Bogota"]
[Date "2016.03.12"]
[Round "5.8"]
[White "Rivera Quintero, Ramon Alberto"]
[Black "Gonzalez Lopez, Nicolas Mateo"]
[Result "0-1"]
[WhiteElo "1787"]
[BlackElo "2100"]
[PlyCount "56"]
[EventDate "2016.03.11"]
[EventType "swiss"]
[EventRounds "7"]
[EventCountry "COL"]
[SourceTitle "EXT 2024"]
[Source "ChessBase"]
[SourceDate "2023.10.10"]
[SourceVersion "1"]
[SourceVersionDate "2023.10.10"]
[SourceQuality "1"]

1. d4 Nf6 2. Nf3 g6 3. Bf4 Bg7 4. e3 d6 5. Be2 0-0 6. 0-0 Nbd7 7. h3 a6 8. c4 c5 9. Nc3 cxd4 10. exd4 b6 11. Rc1 Bb7 12. Re1 Rc8 13. b3 Re8 14. d5 Rc7 15. Bd3 Qa8 16. Qd2 Nc5 17. Bf1 e5 18. dxe6 Nxe6 19. Bh2 Rd7 20. Na4 Qa7 21. Nd4 Ne4 22. Rxe4 Bxe4 23. Nxe6 Rxe6 24. Be2 Bc6 25. Nb2 Qb7 26. f3 Rde7 27. Bd3 Bd4+ 28. Kh1 Be3 0-1

[Event "Tercer Piso op"]
[Site "Tercer Piso"]
[Date "2015.03.23"]
[Round "6"]
[White "Lozada Zuniga, Andres"]
[Black "Rivera Quintero, Ramon Alberto"]
[Result "1-0"]
[WhiteElo "1906"]
[BlackElo "1792"]
[PlyCount "55"]
[EventDate "2015.03.21"]
[EventType "swiss"]
[EventRounds "7"]
[EventCountry "COL"]
[SourceTitle "CBM 165 Extra"]
[Source "ChessBase"]
[SourceDate "2015.04.21"]
[SourceVersion "1"]
[SourceVersionDate "2015.04.21"]
[SourceQuality "1"]

1. Nf3 Nf6 2. g3 g6 3. Bg2 Bg7 4. 0-0 0-0 5. c4 c6 6. d4 d5 7. Nc3 dxc4 8. a4 Nd5 9. e4 Nxc3 10. bxc3 Bg4 11. Qe2 b5 12. h3 Bxf3 13. Bxf3 e5 14. d5 a6 15. Rd1 Qc7 16. Be3 Nd7 17. dxc6 Qxc6 18. Rd5 Nb6 19. Rc5 Qe8 20. axb5 axb5 21. Rxa8 Nxa8 22. Qa2 Qd7 23. Qa5 Rb8 24. Rd5 Qc7 25. Rxb5 Qxa5 26. Rxa5 Nb6 27. Ra6 Nd7 28. Rc6 1-0

[Event "Bogota Red Univ North 2nd"]
[Site "Bogota"]
[Date "2014.09.??"]
[Round "5.1"]
[White "Rivera Quintero, Ramon Alberto"]
[Black "Alfonso Cely, Stefanny"]
[Result "1/2-1/2"]
[WhiteElo "1792"]
[BlackElo "1571"]
[PlyCount "29"]
[EventDate "2014.09.13"]
[EventType "swiss"]
[EventRounds "5"]
[EventCountry "COL"]
[SourceTitle "EXT 2024"]
[Source "ChessBase"]
[SourceDate "2023.10.10"]
[SourceVersion "1"]
[SourceVersionDate "2023.10.10"]
[SourceQuality "1"]

1. d4 d5 2. Nf3 Nf6 3. Bf4 Bg4 4. e3 e6 5. Be2 c5 6. c3 Qb6 7. Qc2 Bf5 8. Qb3 Qxb3 9. axb3 Ne4 10. Nbd2 cxd4 11. exd4 Nd7 12. Nxe4 Bxe4 13. 0-0 a6 14. Ne5 Bd6 15. Bb5 1/2-1/2

[Event "Bogota McGregor op 4th"]
[Site "Bogota"]
[Date "2013.12.06"]
[Round "5"]
[White "Ramirez Beltran, Francisco Javier"]
[Black "Rivera Quintero, Ramon Alberto"]
[Result "1-0"]
[WhiteElo "2026"]
[BlackElo "1746"]
[PlyCount "71"]
[EventDate "2013.12.04"]
[EventType "swiss"]
[EventRounds "9"]
[EventCountry "COL"]
[SourceTitle "CBM 157 Extra"]
[Source "ChessBase"]
[SourceDate "2013.12.19"]
[SourceVersion "1"]
[SourceVersionDate "2013.12.19"]
[SourceQuality "1"]

1. e4 d6 2. d4 Nf6 3. Bd3 g6 4. Nc3 Bg7 5. Nge2 Nbd7 6. 0-0 e5 7. d5 0-0 8. Nb1 Nc5 9. f3 Ne8 10. Be3 Nxd3 11. Qxd3 f5 12. c4 f4 13. Bf2 Qg5 14. Kh1 Nf6 15. Nd2 Qh5 16. Rfc1 b6 17. b4 g5 18. c5 Ne8 19. cxd6 cxd6 20. a4 Rf6 21. a5 Rh6 22. Nf1 b5 23. Qxb5 Bh3 24. Ng1 Bxg2+ 25. Kxg2 g4 26. Qd3 gxf3+ 27. Kh1 Nf6 28. Re1 Rg6 29. Ra3 Ng4 30. Qxf3 Rh6 31. h3 Bf6 32. Re2 Kf7 33. Nh2 Rg8 34. Bxa7 Rhg6 35. hxg4 Rxg4 36. Rg2 1-0

[Event "Bogota McGregor op 4th"]
[Site "Bogota"]
[Date "2013.12.05"]
[Round "3"]
[White "Pinzon, Jairo David"]
[Black "Rivera Quintero, Ramon Alberto"]
[Result "1-0"]
[WhiteElo "2195"]
[BlackElo "1746"]
[PlyCount "89"]
[EventDate "2013.12.04"]
[EventType "swiss"]
[EventRounds "9"]
[EventCountry "COL"]
[SourceTitle "CBM 157 Extra"]
[Source "ChessBase"]
[SourceDate "2013.12.19"]
[SourceVersion "1"]
[SourceVersionDate "2013.12.19"]
[SourceQuality "1"]

1. c4 Nf6 2. Nc3 g6 3. e4 d6 4. g3 Bg7 5. Bg2 0-0 6. Nge2 c5 7. d4 cxd4 8. Nxd4 Nc6 9. 0-0 Nxd4 10. Qxd4 Qc7 11. Nb5 Qb6 12. Qxb6 axb6 13. Bd2 Be6 14. b3 Nd7 15. Bc3 Bxc3 16. Nxc3 Ne5 17. h3 Rad8 18. f4 Nc6 19. f5 Bc8 20. Nd5 gxf5 21. exf5 Nd4 22. Nxe7+ Kh8 23. Rad1 Nc2 24. Nxc8 Rxc8 25. Rxd6 Ne3 26. Rf3 Nxg2 27. Kxg2 b5 28. cxb5 Rc2+ 29. Rf2 Rc5 30. Rb6 Rg8 31. Rxb7 Rc3 32. g4 h5 33. Rf4 Rc2+ 34. Kg3 Rxa2 35. Rxf7 Ra1 36. b6 Rb1 37. Rf3 hxg4 38. hxg4 Rg1+ 39. Kf2 R8xg4 40. b7 R4g2+ 41. Ke3 Re1+ 42. Kd4 Rd2+ 43. Rd3 Rxd3+ 44. Kxd3 Re8 45. Rc7 1-0

[Event "COL-ch Superate-B"]
[Site "Bogota"]
[Date "2012.12.12"]
[Round "4.1"]
[White "Hernandez Montes, Jhon Sebastian"]
[Black "Rivera Quintero, Ramon Alberto"]
[Result "1-0"]
[WhiteElo "1975"]
[BlackElo "1715"]
[PlyCount "101"]
[EventDate "2012.12.11"]
[EventType "swiss"]
[EventRounds "7"]
[EventCountry "COL"]
[SourceTitle "EXT 2024"]
[Source "ChessBase"]
[SourceDate "2023.10.10"]
[SourceVersion "1"]
[SourceVersionDate "2023.10.10"]
[SourceQuality "1"]

1. e4 e5 2. Nf3 Nf6 3. Nxe5 d6 4. Nf3 Nxe4 5. d4 d5 6. Be2 Be7 7. 0-0 0-0 8. c4 c6 9. Qb3 h6 10. Nc3 Nxc3 11. bxc3 Bd6 12. cxd5 cxd5 13. Ne5 Bxe5 14. dxe5 Nc6 15. Ba3 Re8 16. f4 d4 17. Rfd1 Qb6 18. Bb2 dxc3+ 19. Qxb6 axb6 20. Bxc3 Bf5 21. Rd2 Ra3 22. Bb2 Ra4 23. g3 Be6 24. a3 Rc8 25. Rc1 Raa8 26. Rd6 Rc7 27. g4 Rd7 28. Rcd1 Rad8 29. Rxd7 Rxd7 30. Rxd7 Bxd7 31. Kf2 Na5 32. Ke3 Bxg4 33. Bxg4 Nc4+ 34. Kd4 Nxb2 35. Bc8 Na4 36. Bxb7 Nc5 37. Bd5 Kf8 38. Kc4 Ke7 39. Kb5 Nd3 40. Kxb6 Nxf4 41. Bc4 Ng6 42. a4 Nxe5 43. Bb5 Kd8 44. a5 Kc8 45. a6 Kb8 46. a7+ Ka8 47. Ka6 f5 48. Bf1 f4 49. Bh3 Nd3 50. Bg2+ f3 51. Bxf3# 1-0

[Event "COL-ch School U15"]
[Site "Bogota"]
[Date "2011.12.14"]
[Round "5.3"]
[White "Rivera Quintero, Ramon Alberto"]
[Black "Martinez Baquero, Hugo Esteban"]
[Result "1/2-1/2"]
[WhiteElo "1636"]
[BlackElo "1911"]
[PlyCount "40"]
[EventDate "2011.12.12"]
[EventType "swiss"]
[EventRounds "7"]
[EventCountry "COL"]
[SourceTitle "EXT 2024"]
[Source "ChessBase"]
[SourceDate "2023.10.10"]
[SourceVersion "1"]
[SourceVersionDate "2023.10.10"]
[SourceQuality "1"]

1. d4 Nf6 2. c4 g6 3. Nf3 Bg7 4. Nc3 d6 5. h3 0-0 6. Bf4 Nbd7 7. e3 c6 8. Be2 Re8 9. 0-0 Nh5 10. Bh2 e5 11. dxe5 dxe5 12. Qc2 f5 13. b4 Nhf6 14. c5 e4 15. Nd4 Ne5 16. Bxe5 Rxe5 17. Bc4+ Kh8 18. Rad1 Nd5 19. Nxd5 cxd5 20. Bb3 Bd7 1/2-1/2

[Event "Central Region-ch U14"]
[Site "Duitama"]
[Date "2011.04.28"]
[Round "2.6"]
[White "Corredor Castellanos, Camilo"]
[Black "Rivera Quintero, Ramon Alberto"]
[Result "0-1"]
[WhiteElo "1691"]
[BlackElo "1560"]
[PlyCount "48"]
[EventDate "2011.04.28"]
[EventType "swiss"]
[EventRounds "5"]
[EventCountry "COL"]
[SourceTitle "EXT 2024"]
[Source "ChessBase"]
[SourceDate "2023.10.10"]
[SourceVersion "1"]
[SourceVersionDate "2023.10.10"]
[SourceQuality "1"]

1. e4 e5 2. Nf3 Nc6 3. Bc4 Bc5 4. c3 Nf6 5. d3 h6 6. b4 Bb6 7. Qb3 0-0 8. 0-0 d6 9. a4 a5 10. b5 Ne7 11. Nh4 d5 12. exd5 Nexd5 13. Ba3 Re8 14. Nd2 Be6 15. Rae1 Ng4 16. Nhf3 Nf4 17. Bxe6 Rxe6 18. d4 exd4 19. cxd4 Bxd4 20. Ne4 Qd5 21. Qxd5 Nxd5 22. Nxd4 Rae8 23. Nc5 Rxe1 24. Rxe1 Rxe1# 0-1

[Event "Boyaca Region-ch U14"]
[Site "Tibana"]
[Date "2010.06.03"]
[Round "3.4"]
[White "Cardenas, Juan Pablo"]
[Black "Rivera Quintero, Ramon Alberto"]
[Result "0-1"]
[WhiteElo "1600"]
[BlackElo "1519"]
[PlyCount "34"]
[EventDate "2010.06.02"]
[EventType "swiss"]
[EventRounds "5"]
[EventCountry "COL"]
[SourceTitle "EXT 2024"]
[Source "ChessBase"]
[SourceDate "2023.10.10"]
[SourceVersion "1"]
[SourceVersionDate "2023.10.10"]
[SourceQuality "1"]

1. e4 e5 2. Nf3 Nc6 3. Bc4 Bc5 4. c3 Nf6 5. d4 exd4 6. cxd4 Bb4+ 7. Bd2 Qe7 8. e5 d6 9. Bxb4 Nxb4 10. Qb3 Nc6 11. 0-0 0-0 12. Bb5 dxe5 13. dxe5 Nxe5 14. Nxe5 Qxe5 15. Nc3 Bg4 16. Rfe1 Qg5 17. h3 Bxh3 0-1

[Event "Boyaca Region-ch U14"]
[Site "Tibana"]
[Date "2010.06.03"]
[Round "4.5"]
[White "Rivera Quintero, Ramon Alberto"]
[Black "Rico Amortegui, Oswaldo Jose"]
[Result "1-0"]
[WhiteElo "1519"]
[BlackElo "1459"]
[PlyCount "41"]
[EventDate "2010.06.02"]
[EventType "swiss"]
[EventRounds "5"]
[EventCountry "COL"]
[SourceTitle "EXT 2024"]
[Source "ChessBase"]
[SourceDate "2023.10.10"]
[SourceVersion "1"]
[SourceVersionDate "2023.10.10"]
[SourceQuality "1"]

1. e4 e5 2. Nf3 d6 3. Bc4 Be7 4. 0-0 Nf6 5. Nc3 Nc6 6. Nd5 Bg4 7. Nxf6+ Bxf6 8. d3 Nd4 9. c3 Nxf3+ 10. gxf3 Bh3 11. Re1 Bh4 12. f4 Qf6 13. Qh5 exf4 14. e5 dxe5 15. Qxe5+ Qxe5 16. Rxe5+ Kf8 17. Bxf4 c6 18. Rae1 g6 19. Bh6+ Kg8 20. Re8+ Rxe8 21. Rxe8# 1-0